|
|
|
|
| LEADER |
00000cas a2200000 c 4500 |
| 001 |
166774316 |
| 003 |
DE-627 |
| 005 |
20230414083948.0 |
| 007 |
tu |
| 008 |
941029d19491962gw z| p| 0 |0ger c |
| 016 |
7 |
|
|a 011852518
|2 DE-101
|
| 016 |
7 |
|
|a 304671-0
|2 DE-600
|
| 035 |
|
|
|a (DE-627)166774316
|
| 035 |
|
|
|a (DE-576)015216551
|
| 035 |
|
|
|a (DE-599)ZDB304671-0
|
| 035 |
|
|
|a (OCoLC)1371228292
|
| 035 |
|
|
|a (OCoLC)310854418
|
| 040 |
|
|
|a DE-627
|b ger
|c DE-627
|e rakwb
|
| 041 |
|
|
|a ger
|
| 044 |
|
|
|c XA-DE
|
| 082 |
0 |
4 |
|a 070
|a 230
|a 914.3
|a 943
|q DE-600
|
| 084 |
|
|
|a 1
|2 ssgn
|
| 110 |
2 |
|
|e VerfasserIn
|0 (DE-588)34094-7
|0 (DE-627)100796621
|0 (DE-576)19033116X
|4 aut
|a Freie Volkskirchliche Vereinigung in Württemberg
|
| 245 |
1 |
0 |
|a Nachrichtenblatt / Freie Volkskirchliche Vereinigung in Württemberg
|
| 264 |
3 |
1 |
|a Tübingen
|b [Verlag nicht ermittelbar]
|c 1949-1962
|
| 336 |
|
|
|a Text
|b txt
|2 rdacontent
|
| 337 |
|
|
|a ohne Hilfsmittel zu benutzen
|b n
|2 rdamedia
|
| 338 |
|
|
|a Band
|b nc
|2 rdacarrier
|
| 362 |
0 |
|
|a Nr. 2.1949 - 47.1962[?]
|
| 363 |
0 |
0 |
|a 2
|i 1949
|
| 363 |
1 |
0 |
|i 1962
|a 47
|
| 515 |
|
|
|a 33.1958 fälschlich als Nr. 38 bez. - Periodizität: unregelmäßig
|
| 591 |
|
|
|a (üa/Z)
|
| 601 |
|
|
|a Volkskirche
|
| 601 |
|
|
|a Württemberg
|
| 655 |
|
7 |
|a Zeitschrift
|0 (DE-588)4067488-5
|0 (DE-627)10454466X
|0 (DE-576)20917000X
|2 gnd-content
|
| 751 |
|
|
|a Württemberg-Baden
|0 (DE-588)4067030-2
|0 (DE-627)106110772
|0 (DE-576)209167890
|4 dbp
|
| 751 |
|
|
|a Baden-Württemberg
|0 (DE-588)4004176-1
|0 (DE-627)106387154
|0 (DE-576)208854444
|4 dbp
|
| 780 |
0 |
0 |
|i Vorg.
|a Freie Volkskirchliche Vereinigung
|t Nachrichtenblatt für Mitglieder und Freunde
|d Tübingen : Bölzle, 1948
|w (DE-627)166274380
|w (DE-600)139241-4
|w (DE-576)014618990
|k Non-Electronic
|
| 935 |
|
|
|a mteo
|
| 951 |
|
|
|a JT
|
| ELC |
|
|
|b 1
|
| ITA |
|
|
|a 1
|t 1
|
| LOK |
|
|
|0 000 xxxxxcy a22 3n 4500
|
| LOK |
|
|
|0 001 2115204921
|
| LOK |
|
|
|0 003 DE-627
|
| LOK |
|
|
|0 004 166774316
|
| LOK |
|
|
|0 005 20031108000000
|
| LOK |
|
|
|0 008 880928||||||||||||||||ger|||||||
|
| LOK |
|
|
|0 035
|a (DE-600)02258384X
|
| LOK |
|
|
|0 040
|a DE-21
|c DE-627
|d DE-21
|
| LOK |
|
|
|0 092
|u 091
|
| LOK |
|
|
|0 852
|8 1
|
| LOK |
|
|
|0 852
|a DE-21
|
| LOK |
|
|
|0 852 1
|c Gd 160 b.4
|9 00
|
| LOK |
|
|
|0 85900
|8 1.1
|a 12
|i 1953
|
| LOK |
|
|
|0 85900
|8 2.1
|a 15
|i 1954
|
| LOK |
|
|
|0 85900
|8 3.1
|a 23
|i 1956
|
| LOK |
|
|
|0 85900
|8 4.1
|a 26
|i 1956
|
| LOK |
|
|
|0 85910
|8 4.2
|a 28
|i 1957
|
| LOK |
|
|
|0 85900
|8 5.1
|a 30
|i 1957
|
| LOK |
|
|
|0 85900
|8 6.1
|a 35
|i 1958
|
| LOK |
|
|
|0 85910
|8 6.2
|a 41
|i 1960
|
| LOK |
|
|
|0 85900
|8 7.1
|a 43
|i 1961
|
| LOK |
|
|
|0 85900
|8 8.1
|a 47
|i 1962
|
| LOK |
|
|
|0 86630
|a 12.1953; 15.1954; 23.1956; 26.1956 - 28.1957; 30.1957; 35.1958 - 41.1960; 43.1961; 47.1962
|
| LOK |
|
|
|0 939
|a 28-09-88
|b z01
|
| LOK |
|
|
|0 000 xxxxxcy a22 3n 4500
|
| LOK |
|
|
|0 001 211520493X
|
| LOK |
|
|
|0 003 DE-627
|
| LOK |
|
|
|0 004 166774316
|
| LOK |
|
|
|0 005 20040320000000
|
| LOK |
|
|
|0 008 040320||||||||||||||||ger|||||||
|
| LOK |
|
|
|0 035
|a (DE-600)094235864
|
| LOK |
|
|
|0 040
|a DE-21
|c DE-627
|d DE-21
|
| LOK |
|
|
|0 092
|u 091
|
| LOK |
|
|
|0 852
|8 2
|
| LOK |
|
|
|0 852
|a DE-21
|
| LOK |
|
|
|0 852 1
|c 3 A 13923-195,2
|9 00
|
| LOK |
|
|
|0 85900
|8 1.1
|a 8
|i 1952
|
| LOK |
|
|
|0 86630
|a 8.1952
|
| LOK |
|
|
|0 939
|a 20-03-04
|b z02
|
| LOK |
|
|
|0 000 xxxxxcy a22 3n 4500
|
| LOK |
|
|
|0 001 2115204948
|
| LOK |
|
|
|0 003 DE-627
|
| LOK |
|
|
|0 004 166774316
|
| LOK |
|
|
|0 005 20130411174647
|
| LOK |
|
|
|0 008 050204||||||||||||||||ger|||||||
|
| LOK |
|
|
|0 035
|a (DE-600)099623471
|
| LOK |
|
|
|0 040
|a DE-21
|c DE-627
|d DE-21
|
| LOK |
|
|
|0 092
|u 091
|
| LOK |
|
|
|0 852
|8 3
|
| LOK |
|
|
|0 852
|a DE-21
|
| LOK |
|
|
|0 852 1
|c 3 A 13923-175,29
|9 00
|
| LOK |
|
|
|0 85900
|8 1.1
|a 44
|i 1961
|
| LOK |
|
|
|0 86630
|a 44.1961
|
| LOK |
|
|
|0 935
|a theo
|
| LOK |
|
|
|0 939
|a 04-02-05
|b z03
|
| ORI |
|
|
|a SA-MARC-ixtheoa001.raw
|
| REL |
|
|
|a 1
|
| SPR |
|
|
|a 1
|t IXT
|
| SUB |
|
|
|a REL
|